League of Legends champions - Statistics

General Stats
  • This quiz has been taken 20 times
  • The average score is 109 of 159
Answer Stats
Answer % Correct
Aatrox
92%
Ahri
92%
Akali
92%
Anivia
92%
Darius
92%
Ekko
92%
Illaoi
92%
Jinx
92%
Kai'Sa
92%
Lux
92%
Nautilus
92%
Sejuani
92%
Yasuo
92%
Yone
92%
Zed
92%
Zyra
92%
Ashe
83%
Brand
83%
Draven
83%
Ezreal
83%
Fiora
83%
Galio
83%
Garen
83%
Irelia
83%
Ivern
83%
Kayn
83%
Miss Fortune
83%
Nami
83%
Pyke
83%
Senna
83%
Sett
83%
Sivir
83%
Sylas
83%
Vi
83%
Volibear
83%
Akshan
75%
Alistar
75%
Amumu
75%
Aurelion Sol
75%
Azir
75%
Blitzcrank
75%
Caitlyn
75%
Camille
75%
Cassiopeia
75%
Cho'Gath
75%
Evelynn
75%
Kalista
75%
Katarina
75%
Leona
75%
Lillia
75%
Lissandra
75%
Lucian
75%
Lulu
75%
Malphite
75%
Master Yi
75%
Nasus
75%
Ornn
75%
Qiyana
75%
Rek'Sai
75%
Renata Glasc
75%
Seraphine
75%
Shen
75%
Sion
75%
Sona
75%
Soraka
75%
Talon
75%
Teemo
75%
Urgot
75%
Veigar
75%
Vel'Koz
75%
Xayah
75%
Zac
75%
Zeri
75%
Zoe
75%
Annie
67%
Braum
67%
Corki
67%
Diana
67%
Dr Mundo
67%
Gangplank
67%
Gragas
67%
Graves
67%
Gwen
67%
Heimerdinger
67%
Jayce
67%
Jhin
67%
Kassadin
67%
LeBlanc
67%
Lee Sin
67%
Nunu & Willump
67%
Olaf
67%
Renekton
67%
Rengar
67%
Samira
67%
Shaco
67%
Swain
67%
Syndra
67%
Tahm Kench
67%
Thresh
67%
Tristana
67%
Tryndamere
67%
Twisted Fate
67%
Varus
67%
Viego
67%
Warwick
67%
Xerath
67%
Yorick
67%
Yuumi
67%
Aphelios
58%
Elise
58%
Fiddlesticks
58%
Fizz
58%
Gnar
58%
Hecarim
58%
Janna
58%
Jarvan IV
58%
Jax
58%
Kha'Zix
58%
Kindred
58%
Malzahar
58%
Maokai
58%
Pantheon
58%
Rakan
58%
Rammus
58%
Shyvana
58%
Trundle
58%
Udyr
58%
Vayne
58%
Wukong
58%
Ziggs
58%
Zilean
58%
Bard
50%
Karma
50%
Kennen
50%
Kled
50%
Mordekaiser
50%
Nocturne
50%
Orianna
50%
Poppy
50%
Quinn
50%
Rumble
50%
Ryze
50%
Singed
50%
Skarner
50%
Taliyah
50%
Taric
50%
Twitch
50%
Vex
50%
Viktor
50%
Vladimir
50%
Karthus
42%
Kayle
42%
Morgana
42%
Neeko
42%
Rell
42%
Riven
42%
Xin Zhao
42%
Kog'Maw
33%
Nidalee
17%
No matching quizzes found
Score Distribution
Percent of People with Each Score
Percentile by Number Answered
Your Score History
You have not taken this quiz